Statistics for World Capitals Closest to Ankara

Click here to take the quiz!

General Stats

  • This quiz has been taken 37 times
  • The average score is 13 of 15

Answer Stats

kmCapitalmiles% Correct
817Athens507
100%
774Damascus480
94%
854Sofia531
94%
527Nicosia327
91%
708Beirut439
91%
1105Cairo686
91%
926Jerusalem575
89%
751Bucharest466
83%
925Amman574
83%
1023Tbilisi636
83%
990Yerevan615
80%
1111Tirana690
77%
986Skopje613
74%
1023Pristina636
71%
856Chișinău532
63%

Score Distribution

Percentile by Number Answered

Percent of People with Each Score

Your Score History

You have not taken this quiz